<?xml version="1.0" encoding="UTF-8"?>
<record
    xmlns:xsi="http://www.w3.org/2001/XMLSchema-instance"
    xsi:schemaLocation="http://www.loc.gov/MARC21/slim http://www.loc.gov/standards/marcxml/schema/MARC21slim.xsd"
    xmlns="http://www.loc.gov/MARC21/slim">

  <leader>01787    a2200217   4500</leader>
  <datafield tag="952" ind1=" " ind2=" ">
    <subfield code="0">0</subfield>
    <subfield code="1">0</subfield>
    <subfield code="4">0</subfield>
    <subfield code="7">0</subfield>
    <subfield code="8">NFIC</subfield>
    <subfield code="a">CCL</subfield>
    <subfield code="b">CCL</subfield>
    <subfield code="c">GEN</subfield>
    <subfield code="d">2024-07-10</subfield>
    <subfield code="e">Purchase</subfield>
    <subfield code="l">0</subfield>
    <subfield code="o">KD 660 BAR 2020</subfield>
    <subfield code="p">033547</subfield>
    <subfield code="r">2024-07-10 00:00:00</subfield>
    <subfield code="t">c.1</subfield>
    <subfield code="w">2024-07-10</subfield>
    <subfield code="y">BK</subfield>
  </datafield>
  <datafield tag="952" ind1=" " ind2=" ">
    <subfield code="0">0</subfield>
    <subfield code="1">0</subfield>
    <subfield code="4">0</subfield>
    <subfield code="7">0</subfield>
    <subfield code="8">NFIC</subfield>
    <subfield code="a">CCL</subfield>
    <subfield code="b">CCL</subfield>
    <subfield code="c">GEN</subfield>
    <subfield code="d">2024-07-10</subfield>
    <subfield code="e">Purchase</subfield>
    <subfield code="l">0</subfield>
    <subfield code="o">KD 660 BAR 2020</subfield>
    <subfield code="p">033546</subfield>
    <subfield code="r">2024-07-10 00:00:00</subfield>
    <subfield code="t">c.2</subfield>
    <subfield code="w">2024-07-10</subfield>
    <subfield code="y">BK</subfield>
  </datafield>
  <datafield tag="952" ind1=" " ind2=" ">
    <subfield code="0">0</subfield>
    <subfield code="1">0</subfield>
    <subfield code="4">0</subfield>
    <subfield code="7">0</subfield>
    <subfield code="8">NFIC</subfield>
    <subfield code="a">CCL</subfield>
    <subfield code="b">CCL</subfield>
    <subfield code="c">GEN</subfield>
    <subfield code="d">2024-07-10</subfield>
    <subfield code="e">Purchase</subfield>
    <subfield code="l">0</subfield>
    <subfield code="o">KD 660 BAR 2020</subfield>
    <subfield code="p">033545</subfield>
    <subfield code="r">2024-07-10 00:00:00</subfield>
    <subfield code="t">c.3</subfield>
    <subfield code="w">2024-07-10</subfield>
    <subfield code="y">BK</subfield>
  </datafield>
  <datafield tag="999" ind1=" " ind2=" ">
    <subfield code="c">11346</subfield>
    <subfield code="d">11346</subfield>
  </datafield>
  <datafield tag="020" ind1=" " ind2=" ">
    <subfield code="a">9781138488892</subfield>
  </datafield>
  <datafield tag="050" ind1="0" ind2="0">
    <subfield code="a">KD 660</subfield>
    <subfield code="b">BAR 2020</subfield>
  </datafield>
  <datafield tag="100" ind1="1" ind2=" ">
    <subfield code="a">Barker, David,</subfield>
    <subfield code="d">1934-</subfield>
    <subfield code="e">author.</subfield>
  </datafield>
  <datafield tag="245" ind1="1" ind2="0">
    <subfield code="a">Law made simple /</subfield>
    <subfield code="c">David L.A. Barker AM, FAAL, LLB, MPhil, LLM, PhD, FCIS, FGIA, FCMI, FIML, FACE, FAICD.</subfield>
  </datafield>
  <datafield tag="250" ind1=" " ind2=" ">
    <subfield code="a">14th edition.</subfield>
  </datafield>
  <datafield tag="264" ind1=" " ind2="1">
    <subfield code="a">Milton Park, Abingdon, Oxon ;</subfield>
    <subfield code="a">New York, NY :</subfield>
    <subfield code="b">Routledge,</subfield>
    <subfield code="c">2020.</subfield>
  </datafield>
  <datafield tag="336" ind1=" " ind2=" ">
    <subfield code="a">text</subfield>
    <subfield code="b">txt</subfield>
    <subfield code="2">rdacontent</subfield>
  </datafield>
  <datafield tag="337" ind1=" " ind2=" ">
    <subfield code="a">unmediated</subfield>
    <subfield code="b">n</subfield>
    <subfield code="2">rdamedia</subfield>
  </datafield>
  <datafield tag="338" ind1=" " ind2=" ">
    <subfield code="a">volume</subfield>
    <subfield code="b">nc</subfield>
    <subfield code="2">rdacarrier</subfield>
  </datafield>
  <datafield tag="504" ind1=" " ind2=" ">
    <subfield code="a">Includes bibliographical references and index.</subfield>
  </datafield>
  <datafield tag="505" ind1="0" ind2=" ">
    <subfield code="a">Introduction -- Sources of English law -- The courts today -- Procedure -- The judiciary, law officers and the legal profession -- Human rights and the Law of persons -- The law of contract -- The law of torts -- Trusts -- The law of property -- The law of succession -- Criminal law -- European Union Law.</subfield>
  </datafield>
  <datafield tag="520" ind1=" " ind2=" ">
    <subfield code="a">"This 14th edition of Law Made Simple marks the 50th year of the publication for one of the best-selling UK Law books. It is the perfect introduction to the English Legal System, and combines an overview of both the legislation and case law relating to all the foundation subjects, including Contract, Torts, Land, Trusts, Criminal, Public and EU. This book acts as a clear and concise guide for students studying law at any level, and takes into account developments across the curriculum. It is suitable for students studying law at A-Level, or as an excellent background for students thinking of embarking on the study of law or related course at degree level"--</subfield>
  </datafield>
  <datafield tag="650" ind1=" " ind2="0">
    <subfield code="a">Law</subfield>
  </datafield>
  <datafield tag="942" ind1=" " ind2=" ">
    <subfield code="2">lcc</subfield>
    <subfield code="c">BK</subfield>
    <subfield code="e">fourteen th edition</subfield>
    <subfield code="h">660</subfield>
    <subfield code="i">BAR</subfield>
    <subfield code="k">KD</subfield>
  </datafield>
</record>
